000
00218 a2200097 4500
001
13968
100
_a
Sprigge Eli
245
_a
Five plays of strindberg
260
_a
New York
_b
Anchor books
_c
090
_c
10930
_d
10930
942
_a
NUST-CAE
_c
M
_c
1037
999
_c
249041
_d
249041